Initiation signals in viral gene expression /

Bibliographic Details
Other Authors: Shatkin, Aaron J.
Format: Book
Language:English
Published: Berlin ; New York : Springer-Verlag, 1981.
Series:Current topics in microbiology and immunology ; v. 93.
Subjects:

MARC

Tag First Indicator Second Indicator Subfields
LEADER 00000cam a2200000 a 4500
001 in00001410120
005 20151020060859.0
008 830215s1981 gw a b 001 0 eng
010 |a  82131737  
020 |a 0387108041 (U.S.) 
035 |a (OCoLC)07956003 
035 |9 AHN8082AM 
040 |a DLC  |c DLC  |d UtOrBLW 
049 |a TXAM 
050 0 0 |a QR392  |b .I54 1981 
082 0 0 |a 576/.6484  |2 19 
090 |a QR1  |b .E6 v. 93 
245 0 0 |a Initiation signals in viral gene expression /  |c edited by Aaron J. Shatkin. 
264 1 |a Berlin ;  |a New York :  |b Springer-Verlag,  |c 1981. 
300 |a 212 pages :  |b illustrations ;  |c 25 cm. 
336 |a text  |b txt  |2 rdacontent 
337 |a unmediated  |b n  |2 rdamedia 
338 |a volume  |b nc  |2 rdacarrier 
490 1 |a Current topics in microbiology and immunology ;  |v 93 
504 |a Includes bibliographies and index. 
650 0 |a Viral genetics. 
650 0 |a Gene expression. 
700 1 |a Shatkin, Aaron J. 
830 0 |a Current topics in microbiology and immunology ;  |v v. 93. 
948 |a c:jal 
999 |a MARS 
999 f f |s ea3e09e1-8ad1-324e-8e38-27e9eb42d28c  |i 47b91c51-488b-313f-af48-e8a4a939d91b  |t 0 
952 f f |p normal  |a Texas A&M University  |b College Station  |c Sterling C. Evans Library  |d Evans: Library Stacks  |t 0  |e QR1 .E6 v.93  |h Library of Congress classification  |i unmediated -- volume  |m A14808505441 
998 f f |a QR1 .E6 v.93  |t 0  |l Evans: Library Stacks